| 000 | 00532nam a2200205Ia 4500 | ||
|---|---|---|---|
| 003 | GCL | ||
| 005 | 20240530110923.0 | ||
| 008 | 140319s1992 nyuf 000 0 eng d | ||
| 020 | _a4770016581 | ||
| 040 |
_aGCL / _cGCL |
||
| 082 | 0 | 4 |
_a769.92481/ _bO H |
| 100 | 1 | _aOka, Isaburo | |
| 245 | 1 | 0 |
_aHiroshige / _cIsaburo Oka |
| 260 |
_aNew York : _bKodansha InternationalŲ _c1992. |
||
| 300 |
_a96 P: _bill ; _c30 cm. |
||
| 650 | 0 | 4 | _aPAINTING |
| 650 | 0 | 4 |
_a PAINTING _xHISTORY |
| 650 | 0 | 4 |
_aPAINTING _xTECHNIQUE |
| 942 |
_2ddc _cBK |
||
| 999 |
_c66523 _d66523 |
||